Riconosci il Pokémon - Quiz n°673 - Statistics

Statistiche generali
  • Questo quiz è stato fatto 0 volte
  • Il punteggio medio è 0 su 10
Statistiche sulle risposte
Indizio Riposta % Corretto
Peso 102,5 kg
0%
Altezza 1,6 m
0%
Tasso di cattura 45 (11.9%)
0%
Sesso 87.5% ♂, 12.5% ♀
0%
Tasso di allevamento Irregolare
0%
Stadio evoluzione Prima evoluzione
0%
Generazione Quarta
0%
Pokémon Rampardos
0%
Tipo Roccia
0%
Abilità Rompiforma; Forzabruta
0%
Nessun quiz corrispondente trovato
Distribuzione punteggi
Percentuale di utenti per punteggio
Percentile per numero di risposta
I tuoi punteggi nel tempo
Non hai fatto questo quiz